[Event "Challenge"]
[Site "http://www.queenalice.com/game.php?id=1206392"]
[Date "2013.8.8"]
[Round "-"]
[White "Pic"]
[Black "Mugo"]
[Result "0-1"]
[WhiteElo "1220"]
[BlackElo "1603"]

1. d4 d5 2. e3 Nf6 3. g4 Nxg4 4. h3 Nf6 5. Nc3 Nc6 6. Bg2 e6 7. Nf3 Bb4 8. Nh4
Bxc3+ 9. bxc3 Ne4 10. Bxe4 dxe4 11. Ba3 Qxh4 12. Rg1 g6 13. Rh1 f5 14. c4 Na5
15. c3 Nxc4 16. Bb4 Nxe3 17. Qc1 Ng4 18. Rf1 Qxh3 19. Qc2 Qh4 20. O-O-O Qg5+ 21.
Kb2 e3 22. Rg1 exf2 23. d5 fxg1=Q 24. Rxg1 exd5 25. Rd1 Ne3 26. Qe2 c6 27. Bc5
f4 28. c4 Bg4 29. Qd3 Nxd1+ 30. Kb3 Nf2 31. Qc3 Kd7 32. Qg7+ Ke6 33. Qxb7 dxc4+
34. Kxc4 Qd5+ 35. Kb4 Rab8 36. Qb5 Rxb5+ 37. Ka4 Qc4+ 38. Bb4 Qxb4# 0-1

[Event "AUTO-OPEN-3055"]
[Site "http://www.queenalice.com/game.php?id=1207594"]
[Date "2013.8.13"]
[Round "1"]
[White "Pic"]
[Black "jeancarlo1910"]
[Result "0-1"]
[WhiteElo "1234"]
[BlackElo "1716"]

1. e3 c5 2. d4 cxd4 3. Bc4 dxe3 4. fxe3 Nc6 5. Qf3 e6 6. Nd2 Ne5 7. Qe2 Nf6 8.
Bb5 a6 9. Ba4 Bb4 10. c3 Bc5 11. b4 Ba7 0-1

[Event "AUTO-OPEN-3055"]
[Site "http://www.queenalice.com/game.php?id=1207618"]
[Date "2013.8.13"]
[Round "1"]
[White "Pic"]
[Black "luizpessoa"]
[Result "0-1"]
[WhiteElo "1234"]
[BlackElo "1766"]

1. e3 d5 2. e4 d4 3. Bc4 a6 4. Qf3 e6 5. c3 dxc3 6. dxc3 b5 7. Bb3 Bb7 8. Nh3 h6
9. g4 Nf6 10. Bf4 Bxe4 11. Qe3 Bxh1 12. f3 Bd6 13. Nf2 Bxf4 14. Qxf4 O-O 15.
Nxh1 Nc6 0-1

[Event "AUTO-OPEN-3055"]
[Site "http://www.queenalice.com/game.php?id=1207633"]
[Date "2013.8.13"]
[Round "1"]
[White "Pic"]
[Black "josebaron"]
[Result "0-1"]
[WhiteElo "1257"]
[BlackElo "1943"]

1. e3 e5 2. Bc4 Nf6 3. f4 exf4 4. exf4 Be7 5. Nh3 d6 6. f5 Bxf5 7. g4 Bxg4 8.
Be2 Bxh3 9. Bc4 Bg4 10. Be2 Bxe2 11. Qxe2 Nc6 12. d3 Nd4 13. Qf2 c5 14. c3 Ne6
15. Rg1 O-O 16. h4 h5 17. Bh6 Ng4 18. Qd2 Bxh4+ 0-1

[Event "AUTO-OPEN-3055"]
[Site "http://www.queenalice.com/game.php?id=1207634"]
[Date "2013.8.13"]
[Round "1"]
[White "josebaron"]
[Black "Pic"]
[Result "1-0"]
[WhiteElo "1941"]
[BlackElo "1257"]

1. e4 e6 2. Nf3 Nf6 3. Nc3 Nc6 4. Bc4 a6 5. a4 Rb8 6. O-O d5 7. exd5 exd5 8.
Re1+ Ne7 9. Bb3 c6 10. d4 g5 11. Bxg5 Nh5 12. h3 f6 13. Bh4 Rg8 14. Kh1 f5 15.
Ne5 Nf4 16. Bg3 Bh6 17. Bxf4 Bxf4 18. Qh5+ Ng6 19. Nxg6+ 1-0

[Event "Challenge"]
[Site "http://www.queenalice.com/game.php?id=1207646"]
[Date "2013.8.13"]
[Round "-"]
[White "Pic"]
[Black "ymfrancois"]
[Result "0-1"]
[WhiteElo "1205"]
[BlackElo "1940"]

1. e3 e5 2. Bc4 d5 3. Bb5+ c6 4. Ba4 e4 5. Bb3 Nf6 6. d3 Bg4 7. f3 exf3 8. gxf3
Bh5 9. Qe2 Be7 10. e4 O-O 11. e5 Nfd7 12. c4 Bh4+ 13. Kd1 Re8 14. cxd5 Rxe5 15.
Qg2 Qe8 16. Qh3 Qd8 17. d4 Re1+ 18. Kd2 Qe7 19. d6 Qe3+ 20. Kc2 Bg6+ 0-1

[Event "Challenge"]
[Site "http://www.queenalice.com/game.php?id=1207648"]
[Date "2013.8.13"]
[Round "-"]
[White "Pic"]
[Black "Vivianna"]
[Result "0-1"]
[WhiteElo "1257"]
[BlackElo "1354"]

1. e3 Nf6 2. h3 Nc6 3. Bc4 d5 4. Bb3 e5 5. g4 h6 6. Qe2 Be6 7. f4 exf4 8. exf4
Ne4 9. d3 Ng3 10. Rh2 Nxe2 11. Nxe2 Bd6 12. g5 hxg5 0-1

[Event "Challenge"]
[Site "http://www.queenalice.com/game.php?id=1207651"]
[Date "2013.8.13"]
[Round "-"]
[White "Pic"]
[Black "leonardodml25"]
[Result "0-1"]
[WhiteElo "1257"]
[BlackElo "1790"]

1. e3 e5 2. Bc4 d5 3. Bb3 Nc6 4. Qf3 e4 5. c4 Be6 6. Qh5 Nf6 7. Qh4 Be7 8. Nc3
dxc4 9. Ba4 Nd5 10. Nxe4 Bxh4 11. g3 Be7 12. h4 a6 13. d4 b5 14. Bc2 Ncb4 15.
Bd1 Bf5 16. Nd2 Bc2 17. a3 Nd3+ 18. Kf1 Bxd1 19. Kg2 Qd6 20. Ngf3 Bxf3+ 0-1

[Event "Challenge"]
[Site "http://www.queenalice.com/game.php?id=1207654"]
[Date "2013.8.13"]
[Round "-"]
[White "Pic"]
[Black "charles31"]
[Result "0-1"]
[WhiteElo "1275"]
[BlackElo "1825"]

1. e3 e5 2. Bc4 d5 3. Bb3 Nf6 4. h3 Nc6 5. g4 h6 6. Nc3 Bc5 7. d4 exd4 8. Nf3
dxc3 9. bxc3 Be6 10. Rg1 Ne4 11. Bb2 Rg8 12. Nd4 Qd7 13. Nxc6 Qxc6 0-1

[Event "Challenge"]
[Site "http://www.queenalice.com/game.php?id=1207655"]
[Date "2013.8.13"]
[Round "-"]
[White "Pic"]
[Black "elrey"]
[Result "0-1"]
[WhiteElo "1312"]
[BlackElo "2279"]

1. e3 e5 2. Qf3 Nf6 3. h3 Nc6 4. g4 d5 5. Nc3 g5 6. h4 Rg8 7. Qg3 gxh4 8. Rxh4
Bxg4 9. f3 Be6 10. Qh2 d4 11. Na4 Nb4 12. c3 Nc2+ 13. Kf2 dxe3+ 14. dxe3 Qd1 15.
Be2 Qe1# 0-1

[Event "Challenge"]
[Site "http://www.queenalice.com/game.php?id=1207762"]
[Date "2013.8.13"]
[Round "-"]
[White "Pic"]
[Black "GastonLagaffe"]
[Result "0-1"]
[WhiteElo "1461"]
[BlackElo "1452"]

1. e3 e5 2. Bc4 d5 3. Bb3 e4 4. d3 Nf6 5. Nc3 Bg4 6. f3 exf3 7. gxf3 Bh5 8. Qe2
c6 9. e4 d4 10. e5 Nd5 11. Ne4 Qh4+ 12. Nf2 Bb4+ 13. c3 dxc3 14. a3 cxb2+ 15.
Kd1 bxa1=Q 16. Qc2 Ne3+ 17. Ke2 Nxc2 18. Bxc2 Qxc1 19. Bd1 Qd2+ 20. Kf1 Qhxf2#
0-1

[Event "Challenge"]
[Site "http://www.queenalice.com/game.php?id=1207814"]
[Date "2013.8.14"]
[Round "-"]
[White "Pic"]
[Black "jbugg"]
[Result "0-1"]
[WhiteElo "1312"]
[BlackElo "1454"]

1. e4 e5 2. Bc4 Nf6 3. g4 Nxe4 4. Qf3 Nf6 5. g5 d5 6. Bb3 e4 7. Qg3 Nfd7 8. c4
Nb6 9. Qe3 Be7 10. d3 exd3 11. cxd5 Nxd5 12. Qxd3 c6 13. Nf3 Na6 14. Rg1 Nc5 15.
Qc4 b5 16. Qh4 Nd3+ 17. Kf1 Nxc1 18. Kg2 Nd3 19. Na3 Qb6 20. Rgf1 Nxb2 21. Rab1
Nd3 22. Ne5 Nxe5 23. f4 Ng6 24. Qg3 Ba6 25. f5 Ngf4+ 26. Kh1 b4 27. Rxf4 Nxf4
28. Qxf4 bxa3 29. g6 f6 30. Re1 Qb7 31. Be6 c5+ 0-1

[Event "GastonLagaffe"]
[Site "http://www.queenalice.com/game.php?id=1209499"]
[Date "2013.8.19"]
[Round "1"]
[White "Pic"]
[Black "GastonLagaffe"]
[Result "0-1"]
[WhiteElo "1275"]
[BlackElo "1512"]

1. e4 d5 2. Qf3 d4 3. Bc4 e6 4. Bb5+ c6 5. Ba4 b5 6. Bb3 c5 7. a4 b4 8. Bc4 Bb7
9. g4 Nc6 10. Qh3 Ne5 11. Bb5+ Bc6 12. f4 a6 13. fxe5 axb5 14. b3 Bxe4 15. Nf3
Bxc2 16. Ng5 Qxg5 17. O-O Qxe5 18. d3 Bxb3 19. Bf4 Qe2 20. Nd2 c4 21. axb5 Ra2
22. b6 Ne7 23. Qf3 Qxf3 24. Nxf3 cxd3 25. b7 Nc6 26. Rfc1 Rc2 27. Ne1 Rxc1 28.
Rxc1 Kd7 29. Nxd3 Bd6 30. Bd2 Rb8 31. Rb1 Bc2 32. Bxb4 Bxb1 33. Nc5+ Bxc5 34.
Bxc5 d3 35. Be3 Rxb7 36. h4 Rb4 37. g5 Rxh4 38. Kg2 Nd4 39. Kg3 Nf5+ 40. Kf3
Nxe3 41. Kxe3 h5 42. Kd2 Rh1 43. Kc3 h4 44. Kd2 h3 45. Ke3 h2 46. Kf3 Rf1+ 47.
Kg4 h1=Q 48. Kg3 d2 49. Kg4 d1=Q+ 50. Kg3 Qdf3# 0-1

[Event "Challenge"]
[Site "http://www.queenalice.com/game.php?id=1214895"]
[Date "2013.9.7"]
[Round "-"]
[White "Pic"]
[Black "GastonLagaffe"]
[Result "0-1"]
[WhiteElo "1234"]
[BlackElo "1511"]

1. e4 d5 2. f3 dxe4 3. fxe4 Nc6 4. Nf3 Nd4 5. Nh4 e5 6. g3 Qd7 7. b3 Qc6 8. Bg2
Nxc2+ 9. Ke2 Bg4+ 10. Nf3 Qxe4+ 11. Kf2 Nxa1 12. d3 Bc5+ 13. Kf1 O-O-O 14. Nbd2
Qc6 15. Bb2 Nxb3 16. axb3 Rxd3 17. h3 Bxf3 18. Bxf3 Qf6 19. Ke2 Qg6 20. Be4 Re3+
21. Kf2 Qxg3+ 22. Kf1 Qf4+ 23. Bf3 Rd3 24. Qc2 Rxd2 25. Qc3 Rxb2 26. Qxb2 Qxf3+
27. Ke1 Qxh1+ 28. Kd2 Qg2+ 29. Kc1 Qxb2+ 30. Kxb2 Nf6 31. Kc3 Ne4+ 32. Kc4 Rd8
33. b4 Rd4+ 34. Kb3 Rxb4+ 35. Ka3 Nc3 36. h4 Ra4+ 37. Kb3 Bb4 38. Kc4 e4 39. h5
e3 40. Kd4 e2 41. Ke3 e1=Q+ 42. Kd3 Qe2+ 43. Kd4 c5# 0-1

[Event "Challenge"]
[Site "http://www.queenalice.com/game.php?id=1216479"]
[Date "2013.9.12"]
[Round "-"]
[White "Pic"]
[Black "GastonLagaffe"]
[Result "0-1"]
[WhiteElo "1226"]
[BlackElo "1524"]

1. e4 d5 2. d3 d4 3. Ne2 h5 4. b3 h4 5. Bb2 e5 6. g3 Bg4 7. f3 Bxf3 8. Rg1 Qg5
9. c3 Nc6 10. b4 Qe3 11. gxh4 dxc3 12. Nxc3 Bxb4 13. Rg3 O-O-O 14. d4 Rxd4 15.
Bh3+ Kb8 16. Bd7 Rxd1+ 17. Kxd1 Qd3+ 18. Ke1 Qxd7 19. Rxf3 Qg4 20. Rxf7 Qxe4 21.
Rf8+ Bxf8 22. Nxe4 Rxh4 23. Ng5 Rxh2 24. a4 Be7 25. Ne6 Bh4+ 26. Kd2 g5 27. a5
a6 28. Rc1 g4 29. Bxe5 Nxe5 30. Nxc7 Bg5+ 31. Kd1 Bxc1 32. Nxc1 g3 33. Nb3 g2
34. Kd2 g1=Q+ 35. Kc3 Qg7 36. Ne6 Qf6 37. Nec5 Nf3+ 38. Kb4 Qb2 39. Nd7+ Kc7 40.
Nc5 Rh4+ 41. Ne4 Rxe4+ 42. Kc5 Qc3+ 43. Kd5 Qe5# 0-1

[Event "GastonLagaffe"]
[Site "http://www.queenalice.com/game.php?id=1223974"]
[Date "2013.10.12"]
[Round "2"]
[White "Mugo"]
[Black "Pic"]
[Result "1-0"]
[WhiteElo "1688"]
[BlackElo "1191"]

1. e4 e5 2. Nf3 Bd6 3. Bc4 Ne7 4. d3 h6 5. Bd2 a6 6. Nc3 c6 7. a4 f6 8. Be3 c5
9. Nd5 f5 10. Nxe7 Qxe7 11. exf5 b5 12. axb5 a5 13. Qd2 a4 14. Bb3 Rf8 15. g4
Bb7 16. Qe2 Qf6 17. Bxa4 e4 18. dxe4 Qxb2 19. O-O Bxe4 20. Nd2 Bd5 21. Bd4+ Kd8
22. Bxb2 g5 23. fxg6 Rg8 24. g7 Re8 25. Qd3 1-0